Global shopping centre development (Record no. 116082)
[ view plain ]
| 000 -LEADER | |
|---|---|
| fixed length control field | 01534cad a22002175a 4500 |
| 001 - CONTROL NUMBER | |
| control field | L159671 |
| 008 - FIXED-LENGTH DATA ELEMENTS--GENERAL INFORMATION | |
| fixed length control field | 120615s2017 xxk 000 0 eng d |
| 035 ## - SYSTEM CONTROL NUMBER | |
| System control number | (Sirsi) u159671 |
| 041 0# - LANGUAGE CODE | |
| Language code of text/sound track or separate title | eng |
| 110 1# - MAIN ENTRY--CORPORATE NAME | |
| Corporate name or jurisdiction name as entry element | CBRE |
| 245 00 - TITLE STATEMENT | |
| Title | Global shopping centre development |
| Remainder of title | April 2017 |
| Medium | [electronic resource] |
| 260 ## - PUBLICATION, DISTRIBUTION, ETC. | |
| Place of publication, distribution, etc. | London |
| Name of publisher, distributor, etc. | CBRE |
| Date of publication, distribution, etc. | 2017 |
| 490 #0 - SERIES STATEMENT | |
| Series statement | CBRE Global Viewpoint |
| Volume/sequential designation | April 2017 |
| 520 ## - SUMMARY, ETC. | |
| Summary, etc. | Provides a snapshot of the world's most active shopping centre markets and identifies the key development trends in those locations. According to this report, 12.5 million sq. m. of shopping center space was added globally in 2016, with most coming to market in Asia. Moreover, of the 33.5 million sq. m. of space under construction around the world as of the end of 2016, 26.6 million sq. m. was underway in Asia Pacific, with construction activity in more than 90% of the Asian cities surveyed. Overall, caution among investors and occupiers and significant market saturation in many markets globally have slowed shopping center construction. At the same time, strong competition among landlords and the increasing impact of e-commerce have led to delayed center openings, or centers opening without being fully occupied. |
| 590 ## - LOCAL NOTE (RLIN) | |
| Local note | NTK KA |
| 650 24 - SUBJECT ADDED ENTRY--TOPICAL TERM | |
| Topical term or geographic name entry element | SHOPPING CENTRES |
| 651 #4 - SUBJECT ADDED ENTRY--GEOGRAPHIC NAME | |
| Geographic name | International |
| 690 ## - LOCAL SUBJECT ADDED ENTRY--TOPICAL TERM (OCLC, RLIN) | |
| Topical term or geographic name as entry element | Commercial property |
| 9 (RLIN) | 6227 |
| 856 40 - ELECTRONIC LOCATION AND ACCESS | |
| Uniform Resource Identifier | <a href="https://www.cbre.co.uk/research-and-reports/Global-ViewPoint---Shopping-Center-Development-April-2017">https://www.cbre.co.uk/research-and-reports/Global-ViewPoint---Shopping-Center-Development-April-2017</a> |
| Public note | View the report at www.cbre.co.uk/research-and-reports |
| 942 ## - ADDED ENTRY ELEMENTS (KOHA) | |
| Suppress in OPAC | 0 |
| Withdrawn status | Lost status | Source of classification or shelving scheme | Damaged status | Not for loan | Home library | Current library | Shelving location | Date acquired | Total Checkouts | Full call number | Barcode | Date last seen | Copy number | Price effective from | Koha item type |
|---|---|---|---|---|---|---|---|---|---|---|---|---|---|---|---|
| Dewey Decimal Classification | Virtual | Virtual | Online | 08/12/2017 | ONLINE PUBLICATION | 159671-2001 | 06/08/2019 | 1 | 06/08/2019 | Book |